000 00304nam a22001337a 4500
008 180206b xxu||||| |||| 00| 0 eng d
020 _a9780077510367
041 _aeng
080 _a54
100 _a12
101 _aKIM
245 _aGneral, Organic, and biochemstry
_cDenniston,K.J
942 _2udc
_cBK
999 _c41871
_d41871